000 00738nam a22002537a 4500
003 UA-OsUOA
001 27407
007 ta
008 20040625b un ||||| |||| 00| 0 ukr d
090 _a37.014
_bП78
942 _cBK
040 _aUA-OsUOA
_bukr
_cUA-OsUOA
_dUA-OsUOA
245 _aПроблеми освіти
_bНауково-методичний збірник
_cКолектив авторівКолектив авторів
300 _a172 с.
955 _a0
041 _aukr
080 _a37.014
020 _a966-96336-5-6
260 _aКиїв
_bНауково-методичний центр вищої освіти
_c2003
246 3 1 _aВипуск 36
_n
044 _aUA
650 7 _2UDC
999 _c313751
_d313751